[Event "Elite Hotels Open 2019"]
[Site "Vaxjo"]
[Date "2019.02.08"]
[Round "1.1"]
[White "Hillarp Persson, Tiger"]
[Black "Rost, Bjorn"]
[Result "1-0"]
[WhiteElo "2558"]
[BlackElo "1908"]
[Annotator "TA"]
[PlyCount "36"]
[EventDate "2019.02.08"]
[EventType "swiss"]
[EventCountry "SWE"]
[SourceTitle "playchess.com"]
[Source "ChessBase"]
[SourceQuality "1"]

{[%evp 9,36,39,37,45,68,27,70,76,75,39,109,94,355,353,360,357,366,330,355,356,287,304,286,80,87,68,78,-52,-77]} 1. e4 d6 2. f4 e6 3. Nf3 Nd7 4. Nc3 g6 5. d4 Bg7 6. Be3 {B06: Modern Defence} (6. Bd3 a6 7. O-O b5 8. a3 Ne7 9. Be3 Bb7 10. Kh1 c5 11. dxc5 Nxc5 12. Qe2 O-O 13. Rad1 Bxc3 14. bxc3 Nxe4 {½-½ (51) Giri,A (2782)-Mamedyarov,S (2801) chess.com INT 2018}) 6... b6 7. Bd3 Bb7 8. Qe2 {White is slightly better.} Ne7 9. O-O-O a6 (9... O-O $14) 10. f5 $16 {aiming for fxe6.} b5 $146 {[%mdl 8192] [#]} (10... e5 $16) ({Predecessor:} 10... e5 11. g4 gxf5 12. gxf5 exd4 13. Rhg1 Bf6 14. Bxd4 Bxd4 15. Nxd4 {1-0 (34) Beckhuis,G (2350)-Blatny,P (2432) Austria 2008}) 11. fxe6 $1 $18 fxe6 12. Ng5 Nf8 13. Rhf1 Qd7 14. Rf7 Rg8 {If only Black now had time for ...h6....} 15. Rdf1 O-O-O 16. Qf2 $2 (16. a4 $18 {[%cal Ra4b5] is more deadly.} b4 17. Nb1) 16... h6 $16 17. Rxg7 {[%mdl 64] Remove Defender} Rxg7 {[#]} 18. Qxf8 (18. Nf7 $1 $16 {[%cal Rf7d8]} Re8 19. Bxh6) 18... Nf5 $1 {[%mdl 32768] Accuracy: White = 51%, Black = 41%. . Loss on time!?} 1-0

[Event "Elite Hotels Open 2019"]
[Site "Vaxjo"]
[Date "2019.02.08"]
[Round "1.2"]
[White "Wiklund, Johan"]
[Black "Westerberg, Jonathan"]
[Result "0-1"]
[WhiteElo "1907"]
[BlackElo "2544"]
[Annotator "TA"]
[PlyCount "78"]
[EventDate "2019.02.08"]
[EventType "swiss"]
[EventCountry "SWE"]
[SourceTitle "playchess.com"]
[Source "ChessBase"]
[SourceQuality "1"]

{[%evp 13,78,8,16,0,-4,-6,-4,-10,-11,-3,0,-5,0,0,0,0,0,-68,-31,-42,-27,-35,-36,-25,-12,-42,-29,-37,-14,-10,0,-26,0,-50,-49,-42,0,-23,7,-43,-42,-43,-25,-48,-21,-67,-67,-90,-67,-113,-122,-118,-122,-197,-73,-83,-54,-249,-235,-273,-261,-649,-469,-423,-425,-390,-294]} 1. Nf3 Nf6 2. c4 b6 3. g3 Bb7 4. Bg2 g6 5. O-O Bg7 6. Nc3 O-O 7. d4 Ne4 8. Qd3 {A50: Queen's Fianchetto Defence (1 d4 Nf6 2 c4 b6)} (8. Bd2 e6 9. Nxe4 Bxe4 10. Bc3 c5 11. Rc1 Nc6 12. e3 Qc7 13. Qd2 Qb7 14. Ne1 cxd4 15. exd4 Ne7 {½-½ (43) Lenic,L (2662)-Vachier Lagrave,M (2789) chess.com INT 2018}) 8... Nxc3 9. bxc3 d6 10. e4 {The position is equal.} e5 11. Be3 Qe7 $146 ({Predecessor:} 11... Nc6 12. Nd2 Na5 13. f4 Ba6 14. Rf2 c6 15. f5 d5 16. exd5 cxd5 17. Bxd5 Qxd5 18. cxd5 Bxd3 {1-0 (36) Lamard,G (2275)-Purenne,B (2250) Saint Paul Trois Chateaux 2013}) 12. Nd2 c5 13. d5 f5 {[#] White must now prevent ...f4.} 14. f4 Nd7 15. Bh3 (15. Rae1 $11) 15... Rae8 16. exf5 e4 17. Qc2 {And now fxg6 would win.} gxf5 18. a4 Qf6 19. Nb1 a5 20. Rc1 Kh8 21. Na3 Ba6 22. Rab1 Rg8 23. Nb5 Bxb5 24. Rxb5 Rb8 25. Qe2 Qg6 26. Kh1 Bf6 27. Rb3 Rg7 28. Rg1 h5 29. Qf2 Rbg8 30. Qe1 Bd8 31. Bf1 {[#]} h4 $1 {[%mdl 512]} 32. Rb2 (32. gxh4 Qxg1+) 32... Nf6 ({Reject} 32... hxg3 $6 33. Rxg3 Qf7 34. Rbg2 $11) 33. Be2 (33. Bh3 $17 {was worth a try.}) 33... hxg3 (33... Qh6 $19 {Hoping for ...hxg3.} 34. Bf2 Ng4 35. Bxg4 Rxg4) 34. Rxg3 $17 Qh6 35. Rxg7 $2 ({Only move:} 35. Rg5 $1 $15) 35... Rxg7 $40 {[%mdl 128] White is in trouble.} 36. Bd1 Qh3 37. Rf2 $2 (37. Bg1) 37... Ng4 38. Bxg4 Rxg4 ({Weaker is} 38... fxg4 39. Rg2 $15) (38... Qxg4 $2 39. Qf1 $17) 39. Bc1 Bh4 {Accuracy: White = 45%, Black = 47%.} 0-1

[Event "Elite Hotels Open 2019"]
[Site "Vaxjo"]
[Date "2019.02.08"]
[Round "1.3"]
[White "Hector, Jonny"]
[Black "Lindquist, Per"]
[Result "1-0"]
[WhiteElo "2488"]
[BlackElo "1907"]
[Annotator "TA"]
[PlyCount "57"]
[EventDate "2019.02.08"]
[EventType "swiss"]
[EventCountry "SWE"]
[SourceTitle "playchess.com"]
[Source "ChessBase"]
[SourceQuality "1"]

{[%evp 16,57,18,14,15,22,33,28,37,0,70,4,250,77,78,78,79,88,80,81,202,207,197,223,260,279,270,257,391,388,530,507,723,268,280,276,269,278,260,220,221,224,207,163]} 1. e4 c5 2. Nf3 d6 3. d4 cxd4 4. Nxd4 Nf6 5. Nc3 g6 6. Bc4 Bg7 7. O-O O-O 8. Re1 Nc6 9. Bb3 Nxd4 {B70: Sicilian Dragon: 6 g3 and 6 Be2 (without a later Be3)} (9... Bd7 10. Nf3 Bg4 11. h3 Bxf3 12. Qxf3 Nd4 13. Qd1 Nxb3 14. axb3 a6 15. Bg5 Re8 16. Qd2 Rc8 17. Rad1 {1-0 (70) Najer,E (2706)-Kanmazalp,O (2445) Kocaeli 2017}) 10. Qxd4 Ng4 11. Qd3 Qb6 {White has an edge.} 12. Qe2 (12. Re2 {looks sharper.} Qd8 13. h3 Ne5 14. Qg3 b6 15. f4) 12... Bd4 (12... Bxc3 $1 $11 13. bxc3 Qc5) 13. Rf1 (13. Nd5 $14 Bxf2+ 14. Kh1) 13... Be6 $146 {[#]} (13... Bxc3 $1 $11 {and Black is okay.} 14. bxc3 Qa5) ({Predecessor:} 13... Bxc3 14. bxc3 Qc5 15. h3 Ne5 16. Bh6 Re8 17. Rad1 {½-½ (50) Nemec,P (2234)-Dvorak,L (2138) Czechia 2009}) 14. Nd5 $2 (14. Bxe6 $18 {and the rest is easy.} Nxf2 15. Nd5 {[%mdl 64] Double Attack} (15. Rxf2 $2 fxe6 16. Nd1 Rxf2 $19)) 14... Bxd5 $16 15. exd5 Ne5 16. c3 Bc5 17. Bh6 $36 {[%mdl 2048] White has strong initiative.} Rfe8 {[#]} (17... Rfb8 $16) 18. Ba4 $1 $18 {[%cal Ra4e8]} Rec8 19. b4 Bxb4 20. cxb4 Qxb4 21. Bb3 a5 (21... Qg4 $142 22. Rae1 Qxe2 23. Rxe2 f6) 22. f4 Qd4+ 23. Kh1 Qd3 24. Rae1 $2 (24. Qb2) 24... Qxe2 25. Rxe2 Ng4 26. Bg5 ({Stronger than} 26. Rxe7 Nxh6 27. Rxb7 a4 $17) 26... f6 27. h3 ({And not} 27. Rxe7 fxg5 28. Bd1 (28. fxg5 b5 $11) 28... Rc1 $11) 27... fxg5 28. hxg4 gxf4 29. Rxf4 {Accuracy: White = 51%, Black = 31%.} 1-0

[Event "Elite Hotels Open 2019"]
[Site "Vaxjo"]
[Date "2019.02.08"]
[Round "1.4"]
[White "Frisk, Hans"]
[Black "Blomqvist, Erik"]
[Result "0-1"]
[WhiteElo "1905"]
[BlackElo "2483"]
[Annotator "TA"]
[PlyCount "64"]
[EventDate "2019.02.08"]
[EventType "swiss"]
[EventCountry "SWE"]
[SourceTitle "playchess.com"]
[Source "ChessBase"]
[SourceQuality "1"]

{[%evp 9,64,18,15,5,12,11,27,26,27,26,36,16,35,22,53,23,20,19,25,17,25,0,23,18,0,-25,0,-68,-72,-227,-230,-250,-142,-250,-217,-190,0,-770,-689,-997,-989,-945,-942,-832,-658,-655,-618,-1712,-1693,-1483,-655,-1147,-1132,-1024,-993,-29989,-29990]} 1. Nf3 d5 2. c4 e6 3. g3 Nf6 4. Bg2 g6 5. b3 Bg7 6. Bb2 {A13: English Opening: 1...e6} O-O 7. O-O a5 (7... c5 8. cxd5 exd5 9. d4 Ne4 10. Qc1 Nc6 11. dxc5 d4 12. Rd1 {1-0 (32) So,W (2815)-Carlsen,M (2832) chess.com INT 2017}) 8. e3 $146 {White has an edge.} ({Predecessor:} 8. Nc3 Re8 9. d4 Nbd7 10. Qc2 c6 11. Rad1 b6 12. e4 dxe4 13. Nxe4 Nxe4 14. Qxe4 {1-0 (55) Miroshnichenko,E (2628)-Abdel Razik,K (2448) Al Ain 2012}) 8... b6 9. Nc3 Bb7 10. Qc2 Na6 11. a3 Qe7 12. cxd5 exd5 13. d4 Rac8 14. Rac1 c5 15. dxc5 bxc5 16. Rfd1 Rfd8 17. Qb1 Rb8 18. Qa1 (18. Qc2 $11) 18... Ba8 $15 19. Nd2 $2 {[#]} (19. Na4 $17) 19... d4 $19 20. exd4 cxd4 ({Better is} 20... Bxg2 $19 21. Kxg2 cxd4) 21. Na4 (21. Re1 $17 Qa7 22. Na4) 21... Bxg2 22. Kxg2 {[#]} Qe2 $2 (22... Ng4 $1 $19 {White must now prevent ...Qe2.} 23. Re1 Qg5) 23. Nf3 $2 {[%mdl 8192]} (23. Bxd4 $11 Ne4 24. Nc3 (24. Bxg7 $2 Qxf2+ 25. Kh1 Rxd2 $17) 24... Nxc3 25. Bxc3 Bxc3 26. Qxc3) 23... Ng4 24. Rd2 Ne3+ $1 25. Kg1 Qxf3 {[%csl Ge3][%cal Rf3g2]} 26. fxe3 Qxe3+ 27. Rf2 Qxb3 28. Nc5 Nxc5 29. Rxc5 Bh6 (29... d3 $142 30. Rc1 Bxb2 31. Rxb2 Qxb2 32. Qxb2 Rxb2) 30. Bc1 Be3 31. Bxe3 dxe3 32. Rxf7 Qxf7 {Accuracy: White = 27%, Black = 49%.} 0-1

[Event "Elite Hotels Open 2019"]
[Site "Vaxjo"]
[Date "2019.02.08"]
[Round "1.5"]
[White "Golubka, Petro"]
[Black "Garner, Marten"]
[Result "1-0"]
[WhiteElo "2471"]
[BlackElo "1905"]
[Annotator "TA"]
[PlyCount "39"]
[EventDate "2019.02.08"]
[EventType "swiss"]
[EventCountry "SWE"]
[SourceTitle "playchess.com"]
[Source "ChessBase"]
[SourceQuality "1"]

{[%evp 12,39,22,21,29,23,47,39,93,92,89,93,89,101,127,116,237,153,191,187,526,507,664,662,656,649,698,690,660,639]} 1. e4 e6 2. d4 d5 3. Bd3 c5 4. c3 Nf6 5. e5 Nfd7 6. Nf3 Nc6 7. O-O Be7 {C02: French: Advance Variation} 8. Re1 (8. a3 a5 9. a4 O-O 10. Na3 cxd4 11. cxd4 Nb4 12. Bb1 b6 13. Nb5 Ba6 14. Re1 Re8 15. Ra3 Nf8 16. Rc3 {1-0 (69) Idani,P (2576)-Mosadeghpour,M (2444) Teheran 2017}) 8... O-O 9. a3 Qb6 $146 ({Better is} 9... b6 $14) ({Predecessor:} 9... a5 10. Nbd2 f6 11. Nf1 Qc7 12. exf6 Nxf6 13. Ng5 e5 14. dxe5 Nxe5 15. Bxh7+ Nxh7 16. Nxh7 {½-½ (24) Hamzic,A (1753)-Pestek,E (2028) Bosna 2017}) 10. b4 $16 cxd4 11. cxd4 a6 12. Nc3 Qa7 13. Be3 Nb6 (13... f5 $16) 14. Qc2 g6 15. h4 Nc4 $2 (15... Qb8 16. h5 Bd7) 16. Bxc4 $1 $18 {White is clearly winning.} dxc4 17. d5 {[%mdl 64] [#] Discovered Attack} Qb8 18. dxc6 bxc6 19. Ne4 a5 20. Bc5 {Accuracy: White = 97%, Black = 25%.} 1-0

[Event "Elite Hotels Open 2019"]
[Site "Vaxjo"]
[Date "2019.02.08"]
[Round "1.6"]
[White "Ostlund, Joar"]
[Black "Gritsak, Orest"]
[Result "0-1"]
[WhiteElo "1897"]
[BlackElo "2466"]
[Annotator "TA"]
[PlyCount "74"]
[EventDate "2019.02.08"]
[EventType "swiss"]
[EventCountry "SWE"]
[SourceTitle "playchess.com"]
[Source "ChessBase"]
[SourceQuality "1"]

{[%evp 11,74,19,19,24,31,-4,-4,-6,0,-4,0,-35,-29,-170,-35,-60,-58,-70,-56,-59,-57,-68,-69,-87,-20,-31,0,-20,20,0,0,-59,-66,-142,-127,-144,-107,-335,-336,-420,-416,-465,-325,-377,-349,-389,-354,-397,-331,-922,-922,-922,-922,-922,-922,-922,-922,-922,-922,-915,-903,-927,-795,-1004,-962]} 1. e4 c5 2. Nf3 e6 3. d4 cxd4 4. Nxd4 a6 5. Nc3 Nc6 6. Bc4 Qc7 7. Nxc6 {B47: Sicilian: Taimanov: 5 Nc3 Qc7 6 f4, 6 g3 and 6 Be2} dxc6 8. O-O b5 9. Bd3 {The position is equal.} Nf6 (9... Bd6 10. Kh1 Nf6 11. Bg5 h5 12. f4 e5 13. f5 Bb7 14. a4 Bc5 15. Qe2 h4 16. h3 Be7 {1-0 (35) Azarov,S (2595)-Hossain,E (2450) Al Ain 2015}) 10. f4 $146 ({Predecessor:} 10. Bg5 Be7 11. Ne2 c5 12. c4 bxc4 13. Qa4+ Bd7 14. Qxc4 O-O {0-1 (100) Bulcun,O (1226)-Ekici,C (1667) Konya 2018}) 10... e5 11. fxe5 Ng4 (11... Qxe5 $6 12. Bf4 $14) 12. Qe1 {[#]} (12. Kh1 $11) 12... Nxe5 ({Inferior is} 12... Qxe5 13. Bf4 $11) (12... Bc5+ $1 $19 13. Kh1 {[#]} Nxh2 $1 {[%mdl 512]}) 13. Bf4 Bd6 14. Qg3 O-O 15. Rad1 f6 16. Kh1 Be6 17. Ne2 c5 (17... Rad8 $17) 18. Nc3 $1 $11 Kh8 {[#]} 19. Bxb5 $1 {[%mdl 512]} Rfb8 ({Much worse is} 19... axb5 $6 20. Nxb5 Qb8 21. Nxd6 $14) 20. Ba4 Rxb2 21. Bb3 (21. Nd5 $11 Bxd5 22. Rxd5) 21... c4 $36 {[%mdl 2048] Black is pushing.} 22. Na4 (22. Ba4 $15) 22... cxb3 $17 23. Nxb2 bxc2 24. Rde1 $2 (24. Rc1 $17 {was the only chance.}) 24... Rc8 $19 ({Don't do} 24... Bxa2 25. Rc1 $19) 25. Bc1 Bxa2 26. Qh4 Ng6 27. Qh5 Bf7 28. Qf3 Bxh2 29. Nd3 Bd6 30. Nf4 $2 (30. Rf2) 30... Nxf4 {Black is clearly winning.} 31. Bxf4 Bxf4 32. Qxf4 Qxf4 33. Rxf4 c1=Q 34. Rxc1 Rxc1+ {KRB-KR} 35. Kh2 Rc4 36. Kg3 h6 37. Kg4 Bg6 {Accuracy: White = 31%, Black = 48%.} 0-1

[Event "Elite Hotels Open 2019"]
[Site "Vaxjo"]
[Date "2019.02.08"]
[Round "1.7"]
[White "Cramling, Pia"]
[Black "Halvarsson, Peter"]
[Result "1-0"]
[WhiteElo "2462"]
[BlackElo "1895"]
[Annotator "TA"]
[PlyCount "57"]
[EventDate "2019.02.08"]
[EventType "swiss"]
[EventCountry "SWE"]
[SourceTitle "playchess.com"]
[Source "ChessBase"]
[SourceQuality "1"]

{[%evp 15,56,58,72,31,71,75,68,65,139,141,157,129,125,104,117,125,131,123,168,110,131,113,210,203,195,204,207,176,152,4,0,0,15,15,892,880,1037,1039,29984,29985,29998,29999,29999]} 1. Nf3 g6 2. d4 Bg7 3. e4 c5 4. d5 d6 5. c4 Nf6 6. Bd3 O-O 7. h3 Na6 8. Nc3 Nc7 9. Bf4 {E90: King's Indian: Classical: Early deviations and 6 h3} a6 10. a4 Rb8 11. O-O {White is slightly better.} Bd7 (11... e6 $14) 12. e5 $16 Nfe8 13. Re1 b5 14. axb5 axb5 15. b3 Rb6 $146 16. Qd2 Qc8 17. Ne4 (17. Bh6 $18) 17... Bf5 18. Bh6 f6 (18... Bxe4 $16 {was necessary.} 19. Rxe4 (19. Bxe4 f6 $16) 19... f5) 19. Bxg7 $18 Nxg7 20. Qh6 {Threatening mate with Nfg5!} Bxe4 21. Bxe4 dxe5 {[#]} 22. Ra7 ({White must play} 22. Nh4 $1 $16 {[%cal Rh4g6]} f5 23. Nf3) 22... bxc4 23. bxc4 Qb8 24. Rea1 $40 {[%mdl 128] White is up to no good.} Rb4 $2 {[%mdl 8192]} (24... Nge8 $11) 25. Nh4 f5 26. Nf3 {[#] Intending Ng5 and mate.} Rf6 27. Ng5 {White mates.} fxe4 28. Qxh7+ Kf8 29. Qh8# {Accuracy: White = 65%, Black = 39%.} 1-0

[Event "Elite Hotels Open 2019"]
[Site "Vaxjo"]
[Date "2019.02.08"]
[Round "1.8"]
[White "Ytterberg, Felix"]
[Black "Barkhagen, Jonas"]
[Result "1/2-1/2"]
[WhiteElo "1894"]
[BlackElo "2429"]
[Annotator "TA"]
[PlyCount "89"]
[EventDate "2019.02.08"]
[EventType "swiss"]
[EventCountry "SWE"]
[SourceTitle "playchess.com"]
[Source "ChessBase"]
[SourceQuality "1"]

{[%evp 19,89,38,61,8,15,10,43,43,47,0,0,0,0,-22,0,-33,0,0,4,-35,0,0,0,0,22,17,25,27,78,24,23,24,17,-14,0,-22,-4,-13,-4,-4,0,-14,-4,-4,-4,-4,-4,-5,0,0,2,2,2,2,2,2,2,0,0,0,0,0,0,0,0,-15,0,0,0,0,627,0]} 1. d4 d5 2. c4 c6 3. Nc3 Nf6 4. e3 e6 5. Nf3 Bd6 6. Bd3 O-O 7. O-O Nbd7 8. e4 dxe4 9. Nxe4 Nxe4 10. Bxe4 h6 11. h3 {D46: Semi-Slav: 5 e3 Nbd7 6 Bd3, Black avoids the Meran} (11. Bc2 $14) (11. Bc2 e5 12. b4 Re8 13. c5 Bc7 14. Re1 exd4 15. Rxe8+ Qxe8 16. Bb2 Ne5 17. Qxd4 Nxf3+ 18. gxf3 f6 19. Qd3 Qh5 20. h4 Be6 21. Bxf6 gxf6 22. Qh7+ Kf8 23. Qxc7 {½-½ (23) Matlakov,M (2693)-Mozharov,M (2555) Moscow 2015}) 11... Nf6 $11 12. Bc2 c5 13. Be3 {White is slightly better.} b6 14. Qe2 $146 ({Predecessor:} 14. Qd3 Bb7 15. dxc5 Bxc5 16. Bxc5 bxc5 17. Qe3 Qc7 18. Ne5 Rfd8 19. Rfd1 Rac8 {½-½ (68) Setar,B (1441)-Torkar,B (1822) Bled 2017}) 14... Bb7 15. Rfd1 Qc7 16. a3 Rad8 17. b3 Rd7 18. dxc5 bxc5 19. Rd2 Ne4 20. Rd3 Rfd8 21. Re1 Qa5 22. Bc1 Nf6 23. Bb2 Be7 {[#]} (23... Qb6 $11 {keeps the balance.}) 24. Red1 (24. Bc3 $1 $16 {[%cal Rc3a5]} Qa6 25. Re3) 24... Rxd3 25. Rxd3 Rxd3 26. Qxd3 Bxf3 27. Qxf3 Qe1+ 28. Kh2 Bd6+ 29. g3 $132 {[%mdl 2048] White has counterplay} Qd2 $1 {[%cal Rd2c2]} 30. Bxf6 {[#] Be5 is the strong threat.} gxf6 31. Be4 f5 32. Bc6 Be5 33. Kg2 Kf8 34. Qe3 Qb2 35. Qxc5+ Kg7 {And now ...Bd4 would win.} 36. Qe3 Bd4 37. Qf3 Qxa3 38. Be8 Qb2 39. Ba4 Bc5 40. Bb5 Qd4 41. Ba4 Qd2 42. Qf4 Qc3 43. Qf3 Qc2 44. Qf4 {Black must now prevent Qe5+.} Qd3 $2 {[%mdl 8192]} (44... Qe4+ $11 45. Qxe4 fxe4) 45. Qf3 $2 {Accuracy: White = 46%, Black = 39%.} ({White must play} 45. Qe5+ $18 Kg8 46. Qxc5) 1/2-1/2

[Event "Elite Hotels Open 2019"]
[Site "Vaxjo"]
[Date "2019.02.08"]
[Round "1.9"]
[White "Brynell, Stellan"]
[Black "Alfven, Jorgen"]
[Result "1-0"]
[WhiteElo "2400"]
[BlackElo "1893"]
[Annotator "TA"]
[PlyCount "117"]
[EventDate "2019.02.08"]
[EventType "swiss"]
[EventCountry "SWE"]
[SourceTitle "playchess.com"]
[Source "ChessBase"]
[SourceQuality "1"]

{[%evp 16,117,47,38,39,38,63,46,38,56,58,40,48,39,80,77,83,93,93,104,101,101,95,102,110,97,112,110,137,121,131,127,141,10,85,0,144,114,173,156,152,154,170,168,185,153,153,153,146,139,171,168,150,158,168,129,210,215,204,173,173,110,122,122,164,11,73,76,68,60,254,264,335,333,432,463,427,445,436,429,396,425,480,478,557,546,807,807,807,799,7456,945,7276,6717,8731,7108,5687,5281,29974,29975,29981,29982,29988,29971]} 1. d4 Nf6 2. c4 e6 3. Nf3 d5 4. g3 c6 5. Bg2 dxc4 6. O-O Be7 7. Ne5 Nbd7 8. Nxc4 O-O 9. Nc3 Nb6 {E06: Closed Catalan: Early deviations} (9... c5 10. Bf4 cxd4 11. Qxd4 Nb6 12. Qxd8 Bxd8 13. Ne3 Re8 14. Bd6 Be7 15. Rfd1 Bxd6 16. Rxd6 Rb8 17. Nb5 {1-0 (40) Stupak,K (2588)-Tokranovs,D (2348) Katowice 2017}) 10. Ne5 Nfd5 11. e4 Nxc3 {White is slightly better.} 12. bxc3 Nd7 13. Nd3 c5 14. Be3 $146 ({Predecessor:} 14. Bb2 c4 15. Nb4 a5 16. Nc2 b5 17. Ne3 {1-0 (43) Hornak,P (1766)-Brestovansky,A (1717) Slovakia 2015}) 14... c4 15. Nb2 Qc7 16. Qe2 $36 {[%mdl 2048] White is in control.} b5 17. a4 Ba6 18. axb5 Bxb5 19. Rfb1 Rab8 20. Nd1 a6 21. Bc1 Nb6 22. Ne3 Na4 23. Bd2 Rfd8 24. Qg4 (24. e5 $16) 24... Bd7 (24... Nc5 $1 $11 {keeps the balance.}) 25. Qe2 ({White should try} 25. Qd1) 25... Bb5 $1 $16 26. Qd1 e5 (26... Nb6 $16 27. f4 Bf8) 27. Nd5 $18 Qd7 28. dxe5 Nc5 29. Be3 Nd3 30. f4 Bc5 31. Bxc5 Nxc5 32. Qf3 Nd3 33. h4 Qa7+ 34. Kh2 Kh8 35. Ra2 Bd7 (35... a5 $16 36. Qe3 Qxe3 37. Nxe3 a4) 36. Rba1 Bb5 37. Bh3 Qc5 38. e6 (38. Bf1 $18) 38... fxe6 $16 39. Bxe6 Rf8 {[#]} 40. Qe3 $2 (40. Bh3 $1 $18) 40... Qxe3 (40... Rbe8 $11 {remains equal.}) 41. Nxe3 {aiming for e5.} Nc5 42. Bd5 {Black must now prevent e5.} Rbe8 $2 (42... Nxe4 $1 $14 43. Bxe4 Rbe8) 43. e5 $18 ({Not} 43. Nxc4 Nxe4 44. Rc1 Nf6 $11) 43... Re7 44. Bxc4 Ne4 45. Bxb5 axb5 46. Ra8 {[%cal Ra8f8] [#]} Ree8 47. Rxe8 Rxe8 {[%mdl 4096] Endgame KRN-KRN} 48. Nd5 Rc8 49. Ra5 h6 50. Rxb5 Nxc3 51. Nxc3 Rxc3 {KR-KR} 52. h5 Re3 53. Rb8+ Kh7 54. Kh3 g5 55. Rb7+ Kg8 56. Kg4 gxf4 57. gxf4 {White mates.} Re1 58. Kf5 Rg1 59. Ke4 {Accuracy: White = 61%, Black = 36%.} 1-0

[Event "Elite Hotels Open 2019"]
[Site "Vaxjo"]
[Date "2019.02.08"]
[Round "1.10"]
[White "Nilsson, Joel"]
[Black "Jepson, Christian"]
[Result "0-1"]
[WhiteElo "1893"]
[BlackElo "2389"]
[Annotator "TA"]
[PlyCount "108"]
[EventDate "2019.02.08"]
[EventType "swiss"]
[EventCountry "SWE"]
[SourceTitle "playchess.com"]
[Source "ChessBase"]
[SourceQuality "1"]

{[%evp 22,108,30,25,32,29,47,32,35,24,38,31,30,11,11,8,17,12,11,10,22,0,0,-10,-10,-14,-14,-8,0,-22,0,0,0,0,0,-6,0,0,0,0,0,0,0,0,0,0,2,0,8,0,0,0,0,0,0,-329,-334,-451,-447,-495,-500,-630,-531,-545,-527,-533,-526,-550,-516,-755,-745,-803,-752,-825,-804,-778,-731,-981,-937,-934,-928,-29962,-29947,-6095,-804,-29984,-29985,-29986,-29984]} 1. d4 Nf6 2. c4 e6 3. Nf3 d5 4. Nc3 Nbd7 5. Bg5 h6 6. Bh4 Be7 7. e3 c6 8. Qc2 a6 9. a4 O-O 10. Bd3 dxc4 11. Bxc4 c5 12. O-O cxd4 {D60: Queen's Gambit Declined: Classical: Unusual White 7th moves} 13. Nxd4 Ne5 14. Be2 Bd7 {White is slightly better.} 15. Rfd1 Qa5 $146 ({Predecessor:} 15... Qc8 16. Rac1 Nc6 17. Ne4 Nxd4 18. Rxd4 Qxc2 19. Rxc2 Bc6 20. Nxf6+ Bxf6 21. Bxf6 gxf6 {½-½ (92) Eliseev,E (2295)-Kosic,D (2476) Budapest 2017}) 16. Qb3 Rfd8 17. Rac1 Qb4 18. Qxb4 Bxb4 19. Bxf6 gxf6 20. Ne4 {Black must now prevent f4.} Be7 21. b3 {[%cal Bb2b3,Bb3b4][%mdl 32]} Rac8 22. f4 Rxc1 23. Rxc1 Nc6 24. Rd1 Na5 25. b4 Nc6 (25... Bxa4 {is more complex.} 26. Ra1 Bc6 27. Nc5 Bxc5 28. bxc5 e5) 26. Nxc6 Bxc6 27. Rxd8+ Bxd8 $11 {[%mdl 4096] Endgame KBB-KBN} 28. Nc3 Bd7 29. b5 axb5 30. Bxb5 Bc8 31. Ne4 {[#] Nd6 is the strong threat.} Be7 32. Kf2 f5 33. Nd2 Bc5 34. Nc4 f6 35. Ke2 Kf7 36. Kd3 Ke7 37. Nd2 e5 38. Kc4 $2 {[%mdl 8192]} (38. Ke2 $11 {and White is okay.}) 38... Bxe3 $19 {[%mdl 64] [#] Double Attack} 39. Nb3 Bxf4 40. g3 Be3 41. Nc5 f4 42. gxf4 Bxf4 43. h4 Be3 44. Ne4 f5 45. Ng3 Bf2 46. Nf1 Be6+ 47. Kd3 Bxh4 48. Ne3 Bf2 49. Ng2 Bb6 50. Ke2 Kf6 51. Kf3 Bd5+ 52. Kg3 f4+ 53. Kh2 Bf2 54. Bd7 f3 {Accuracy: White = 44%, Black = 68%.} 0-1